000
00344 a2200157 4500
001
75186
020
_a
9788535639551
040
_c
Anchieta - Colégio São Paulo
100
_a
Louzada, Elysanna
240
1
0
_a
Eu sou o galo
_l
por
245
1
0
_a
Eu sou o galo
300
_a
70
362
0
_a
2015
650
4
_a
Literatura infantil
942
_c
BK
999
_c
75186
_d
75186